000 01083nam a22002657a 4500
005 20170428112813.0
010 _a1617EN
020 _a9788126556731
_c769.00
035 _aB-653997-019
035 _aB-669746
035 _a1617EN
037 _bABC
_adpl
082 _a338.5
100 _aBesanko, David A.
245 _aMicroeconomics:
_cby David A.Besanko,Ronald R.Braeutigam & Katharine Rockett
_bInternational student version /
250 _a5th ed
260 _c2015 (rp)
_aNew Delhi
_bJohn Wiley
270 _a4435-36/7, Ansari Road,Daryaganj
_bNew Delhi
_e110002
300 _c25cm(pbk)
_axxiii684p
_bill.
700 _aBraeutigam, Ronald R.
700 _aRockett, Katharine
942 _cEN
_2ddc
_h338.5
_mBES
999 _c101830
_d101830